[Event "2BLO 1920 MSA Zugzwang - Münchener Scha"]
[Site "?"]
[Date "2019.11.24"]
[Round "4.4"]
[White "Hertneck, Gerald"]
[Black "Indjic, Aleksandar"]
[Result "0-1"]
[WhiteElo "2493"]
[BlackElo "2646"]
[PlyCount "58"]
[EventDate "2019.??.??"]

1. d4 Nf6 2. Nf3 e6 3. c4 c5 4. d5 d6 5. Nc3 exd5 6. cxd5 g6 7. e4 a6 8. a4 Bg4
9. Qb3 Bxf3 10. gxf3 Nbd7 11. Qxb7 Bg7 12. Qc6 O-O 13. Qxd6 Nh5 14. f4 Rb8 15.
Qxa6 Nxf4 16. Bxf4 Rxb2 17. Bd2 Rxd2 18. Kxd2 Qg5+ 19. Kc2 Bxc3 20. Rd1 Bg7 21.
Qd6 Qh4 22. Qxd7 Qxe4+ 23. Bd3 Qb4 24. Qb5 Qc3+ 25. Kb1 Qa1+ 26. Kc2 Qa2+ 27.
Kc1 Bh6+ 28. Rd2 Bxd2+ 29. Kd1 Bb4 0-1

[Event "2BLO 1920 MSA Zugzwang - Münchener Scha"]
[Site "?"]
[Date "2019.11.24"]
[Round "4.5"]
[White "Smirnov, Anton"]
[Black "Zysk, Robert"]
[Result "1-0"]
[WhiteElo "2573"]
[BlackElo "2416"]
[PlyCount "105"]
[EventDate "2019.??.??"]

1. e4 e6 2. d4 d5 3. Nc3 Nf6 4. e5 Nfd7 5. f4 c5 6. Nf3 Nc6 7. Be3 Be7 8. Qd2
b6 9. g4 Bb7 10. g5 a6 11. Bg2 Qc7 12. Nd1 O-O-O 13. c3 f5 14. exf6 gxf6 15.
gxf6 Bxf6 16. Bh3 Kb8 17. Nf2 Rhe8 18. O-O-O cxd4 19. Nxd4 Nxd4 20. Bxd4 Bxd4
21. Qxd4 e5 22. fxe5 Nxe5 23. Bg2 Nc4 24. Rde1 Rxe1+ 25. Rxe1 Qxh2 26. Bf1 Rf8
27. Bxc4 Qh6+ 28. Kb1 dxc4 29. Ng4 Qg6+ 30. Ka1 Re8 31. Ne5 Qe6 32. Qd7 Ka8 33.
Qxh7 Qd6 34. Qh5 Re6 35. a3 b5 36. Ka2 Qe7 37. Qh3 Qe8 38. Qe3 Qd8 39. Rg1 Qe8
40. Rg5 Qd8 41. Rf5 Re8 42. Rf1 Qd5 43. Re1 Rg8 44. Qb6 Rg2 45. Nf3 Qc6 46. Qa5
Ka7 47. Nd4 Qb6 48. Qb4 Rg6 49. Qf8 Qf6 50. Qe8 Qb6 51. Re7 Rd6 52. Qf7 Rd8 53.
Rxb7+ 1-0

[Event "2BLO 1920 MSA Zugzwang - Münchener Scha"]
[Site "?"]
[Date "2019.11.24"]
[Round "4.6"]
[White "Bromberger, Stefan"]
[Black "Martinovic, Sasa"]
[Result "1/2-1/2"]
[WhiteElo "2481"]
[BlackElo "2547"]
[PlyCount "74"]
[EventDate "2019.??.??"]

1. d4 Nf6 2. c4 e6 3. Nf3 a6 4. Nc3 d5 5. cxd5 exd5 6. Bg5 Be6 7. e3 Nbd7 8.
Bd3 Bd6 9. Qc2 c6 10. O-O-O Qc7 11. Kb1 O-O-O 12. Rc1 h6 13. Bh4 Kb8 14. Na4
Rde8 15. Nc5 g5 16. Bg3 Bxg3 17. hxg3 Bg4 18. b4 Bxf3 19. gxf3 h5 20. Qb2 Ka7
21. Rc3 h4 22. Rh3 hxg3 23. Rxg3 Rxe3 24. Qd2 Rh1+ 25. Rc1 Rxc1+ 26. Kxc1 Re8
27. Rxg5 Qh2 28. Rf5 Qg1+ 29. Kb2 Rg8 30. Nxd7 Nxd7 31. Rxf7 Nb6 32. Qe2 Rg2
33. Rxb7+ Kxb7 34. Qe7+ Kb8 35. Qd6+ Kb7 36. Qe7+ Kb8 37. Qd6+ Kb7 1/2-1/2

[Event "2BLO 1920 MSA Zugzwang - Münchener Scha"]
[Site "?"]
[Date "2019.11.24"]
[Round "4.7"]
[White "Froewis, Georg"]
[Black "Gerigk, Erasmus"]
[Result "1-0"]
[WhiteElo "2464"]
[BlackElo "2332"]
[PlyCount "105"]
[EventDate "2019.??.??"]

1. Nf3 d5 2. g3 Nc6 3. Bg2 e5 4. d3 Nf6 5. O-O Be7 6. a3 a5 7. b3 O-O 8. Bb2 e4
9. Ne1 Bf5 10. e3 Qd7 11. f3 exf3 12. Qxf3 Bh3 13. Nd2 Rae8 14. Rb1 Bd8 15. Qf4
Nh5 16. Bxh3 Qxh3 17. Qf5 Qxf5 18. Rxf5 Nf6 19. Ng2 Ne7 20. Rf3 Ng6 21. Rbf1
Re6 22. Rf5 Ne7 23. Bxf6 Nxf5 24. Bxd8 Nxe3 25. Nxe3 Rxd8 26. Kf2 Rc6 27. d4 a4
28. bxa4 Rc3 29. Nb1 Rc6 30. Ke2 Ra8 31. Kd3 Rh6 32. Rf2 c6 33. Nc3 Re6 34. Re2
Kf8 35. Re1 g6 36. Rb1 Re7 37. Kd2 Ke8 38. Nexd5 cxd5 39. Nxd5 Rxa4 40. Nxe7
Kxe7 41. Rxb7+ Kf6 42. Kd3 Rxa3+ 43. Rb3 Ra2 44. c4 Rxh2 45. c5 Ra2 46. Kc4 h5
47. d5 Rd2 48. Re3 g5 49. c6 Rc2+ 50. Kb5 Rb2+ 51. Kc5 Rc2+ 52. Kb6 Rd2 53. c7
1-0

[Event "2BLO 1920 MSA Zugzwang - Münchener Scha"]
[Site "?"]
[Date "2019.11.24"]
[Round "4.8"]
[White "Lammers, Markus"]
[Black "Berchtenbreiter, Maximilian"]
[Result "0-1"]
[WhiteElo "2324"]
[BlackElo "2478"]
[PlyCount "112"]
[EventDate "2019.??.??"]

1. Nf3 Nf6 2. c4 e6 3. e3 Be7 4. d4 O-O 5. Bd3 c5 6. Nc3 d5 7. O-O cxd4 8. exd4
dxc4 9. Bxc4 Nc6 10. Re1 a6 11. Bf4 b5 12. d5 Na5 13. Bxb5 Nh5 14. d6 Bf6 15.
d7 Bb7 16. Bd6 axb5 17. Ne5 Nf4 18. Qg4 Nd5 19. Bxf8 Qxf8 20. Nxb5 Nc6 21. Nc4
Rd8 22. Nbd6 h5 23. Qxh5 Ba8 24. Qg4 Qe7 25. Rad1 Qxd7 26. Ne4 Bd4 27. Qh4 e5
28. Rd3 Nce7 29. Ng5 Qf5 30. Ne4 Qf4 31. Qh5 Nf6 32. Nxf6+ Qxf6 33. Rd2 Ng6 34.
Qg4 Bd5 35. Rc1 Nf4 36. Ne3 Be6 37. Qf3 Bxa2 38. Ra1 Be6 39. Ra8 Rxa8 40. Qxa8+
Kh7 41. Qe4+ g6 42. h3 Qg5 43. Kh2 Nd5 44. h4 Qd8 45. h5 f5 46. hxg6+ Kxg6 47.
Qf3 Qh4+ 48. Qh3 Qxh3+ 49. gxh3 Nxe3 50. fxe3 Bxe3 51. Rg2+ Kf6 52. h4 Bf7 53.
b4 f4 54. b5 f3 55. Rc2 Bd5 56. Kg3 f2 0-1

[Event "2BLO 1920 MSA Zugzwang - SV Deggendorf"]
[Site "?"]
[Date "2019.12.07"]
[Round "5.1"]
[White "Sedlak, Nikola"]
[Black "Mons, Leon"]
[Result "1-0"]
[WhiteElo "2559"]
[BlackElo "2555"]
[PlyCount "91"]
[EventDate "2019.??.??"]

1. d4 d5 2. Nf3 e6 3. Bf4 c5 4. e3 Qb6 5. Qc1 Nf6 6. c3 Bd6 7. Nbd2 O-O 8. dxc5
Qxc5 9. Bd3 Nbd7 10. Bg5 b6 11. O-O Bb7 12. Nd4 a6 13. f4 h6 14. Bh4 Qc7 15.
Qd1 Rfe8 16. Kh1 Nc5 17. Bxf6 Nxd3 18. Qg4 Bf8 19. Rf3 Bc8 20. Raf1 e5 21. Nf5
Bxf5 22. Qxf5 Qc8 23. Qh5 g6 24. Qh4 exf4 25. exf4 Nc5 26. f5 Ra7 27. Rg3 Ne4
28. Nxe4 Rxe4 29. Qh5 Qc6 30. Bd4 Kh7 31. Qd1 Bc5 32. Bf6 g5 33. Bxg5 hxg5 34.
f6 Kg6 35. Qd2 Be3 36. Rxe3 Rxe3 37. Qxe3 Qe6 38. Qg3 Qe4 39. Qb8 Rd7 40. Qg8+
Kh5 41. h3 d4 42. Rf5 Qxf5 43. g4+ Kh4 44. gxf5 d3 45. Kg2 d2 46. Qh8# 1-0

[Event "2BLO 1920 MSA Zugzwang - SV Deggendorf"]
[Site "?"]
[Date "2019.12.07"]
[Round "5.2"]
[White "Kindermann, Stefan"]
[Black "Delchev, Aleksander"]
[Result "1/2-1/2"]
[WhiteElo "2471"]
[BlackElo "2567"]
[PlyCount "29"]
[EventDate "2019.??.??"]

1. e4 d6 2. d4 Nf6 3. Nc3 g6 4. Be3 Bg7 5. Qd2 c6 6. Nf3 O-O 7. Bd3 b5 8. h3
Bb7 9. O-O Nbd7 10. Bh6 e5 11. dxe5 dxe5 12. Ne2 Re8 13. Ng3 Bxh6 14. Qxh6 Qe7
15. c3 1/2-1/2

[Event "2BLO 1920 MSA Zugzwang - SV Deggendorf"]
[Site "?"]
[Date "2019.12.07"]
[Round "5.3"]
[White "Bogosavljevic, Boban"]
[Black "Hertneck, Gerald"]
[Result "0-1"]
[WhiteElo "2505"]
[BlackElo "2490"]
[PlyCount "72"]
[EventDate "2019.??.??"]

1. Nf3 d5 2. g3 g6 3. Bg2 Bg7 4. c4 d4 5. O-O e5 6. d3 Ne7 7. b4 O-O 8. a4 a5
9. bxa5 c5 10. Nbd2 Qxa5 11. Ba3 Qc7 12. Qb3 Nd7 13. Rfb1 Ra6 14. Qc2 b6 15.
Nb3 Nc6 16. Bc1 Nb4 17. Qd1 Bb7 18. Bd2 Rfa8 19. Bxb4 cxb4 20. Nfd2 Bxg2 21.
Kxg2 Qc6+ 22. Kg1 Rxa4 23. Rxa4 Rxa4 24. Ra1 Ra3 25. Rb1 Nc5 26. Nxc5 bxc5 27.
Ra1 Bh6 28. Nb3 Qa4 29. Rb1 Bf8 30. Nd2 Qxd1+ 31. Rxd1 f5 32. Kf1 Bh6 33. Nf3
e4 34. Ne5 b3 35. Rb1 Bd2 36. dxe4 Bc3 0-1

[Event "2BLO 1920 MSA Zugzwang - SV Deggendorf"]
[Site "?"]
[Date "2019.12.07"]
[Round "5.4"]
[White "Zysk, Robert"]
[Black "Stojanovic, Dalibor"]
[Result "1-0"]
[WhiteElo "2403"]
[BlackElo "2510"]
[PlyCount "95"]
[EventDate "2019.??.??"]

1. d4 Nf6 2. Nf3 g6 3. c4 Bg7 4. g3 O-O 5. Bg2 d6 6. O-O c6 7. b3 Ne4 8. Bb2 a5
9. Nbd2 Nxd2 10. Qxd2 a4 11. d5 Bxb2 12. Qxb2 cxd5 13. cxd5 Nd7 14. b4 Nf6 15.
Nd2 Bd7 16. Rac1 Rc8 17. a3 Qb6 18. e4 Bb5 19. Rfe1 Rc7 20. Rxc7 Qxc7 21. Bh3
Bd7 22. Rc1 Qb6 23. Nc4 Qa7 24. Bxd7 Nxd7 25. Na5 Qb6 26. Qc3 Nf6 27. Qd3 h5
28. h3 Re8 29. Rc3 Qd8 30. Kg2 Qd7 31. Qd4 Nh7 32. h4 g5 33. e5 gxh4 34. gxh4
dxe5 35. Rg3+ Kh8 36. Qxe5+ Nf6 37. d6 Qxd6 38. Qxd6 exd6 39. Nxb7 Ne4 40. Rd3
Rc8 41. Kf3 d5 42. Rxd5 Nf6 43. Rd8+ Rxd8 44. Nxd8 Kg7 45. Ke3 Kf8 46. Kd4 Ng4
47. Nc6 Ke8 48. b5 1-0

[Event "2BLO 1920 MSA Zugzwang - SV Deggendorf"]
[Site "?"]
[Date "2019.12.07"]
[Round "5.5"]
[White "Popovic, Dusan"]
[Black "Bromberger, Stefan"]
[Result "1/2-1/2"]
[WhiteElo "2488"]
[BlackElo "2485"]
[PlyCount "41"]
[EventDate "2019.??.??"]

1. Nf3 Nf6 2. d4 d5 3. Bf4 e6 4. e3 Bd6 5. Bg3 O-O 6. c4 c5 7. Nc3 cxd4 8. Nxd4
a6 9. cxd5 Nxd5 10. Nxd5 Bxg3 11. hxg3 Qxd5 12. Qh5 Qxh5 13. Rxh5 Bd7 14. Bd3
g6 15. Rc5 Nc6 16. Be4 Nxd4 17. exd4 b6 18. Rc7 Rad8 19. Ke2 Ba4 20. Ke3 Rd6
21. f4 1/2-1/2

[Event "2BLO 1920 MSA Zugzwang - SV Deggendorf"]
[Site "?"]
[Date "2019.12.07"]
[Round "5.6"]
[White "Hoffmeyer, Falk"]
[Black "Cabarkapa, Novak"]
[Result "0-1"]
[WhiteElo "2335"]
[BlackElo "2458"]
[PlyCount "50"]
[EventDate "2019.??.??"]

1. d4 a6 2. Nf3 e6 3. Bf4 Ne7 4. e3 d6 5. Be2 g6 6. c4 Bg7 7. Nc3 Nd7 8. h3 O-O
9. O-O h6 10. b4 e5 11. Bh2 f5 12. Qb3 e4 13. c5+ Kh8 14. Nd2 Nf6 15. cxd6 cxd6
16. b5 g5 17. bxa6 bxa6 18. Nc4 d5 19. Nb6 Ra7 20. Nxc8 Qxc8 21. Qb6 Qa8 22.
Rab1 f4 23. Qe6 Rc8 24. Na4 Rc6 25. Qf7 Nf5 0-1

[Event "2BLO 1920 MSA Zugzwang - SV Deggendorf"]
[Site "?"]
[Date "2019.12.07"]
[Round "5.7"]
[White "Krstic, Petar"]
[Black "Gerigk, Erasmus"]
[Result "1-0"]
[WhiteElo "2315"]
[BlackElo "2324"]
[PlyCount "105"]
[EventDate "2019.??.??"]

1. e4 c5 2. Nf3 Nc6 3. Bb5 e6 4. O-O Nge7 5. Re1 a6 6. Bf1 d5 7. exd5 Nxd5 8.
d4 Nf6 9. Be3 Be7 10. c4 O-O 11. Nc3 cxd4 12. Nxd4 Bd7 13. Nf3 Qc7 14. Na4 Be8
15. Bb6 Qc8 16. a3 Nb8 17. Be3 Nbd7 18. b4 Qc7 19. h3 Rc8 20. Rc1 Qb8 21. Nd4
Rd8 22. Qb3 Ne5 23. Nb6 Ng6 24. c5 Qc7 25. Rcd1 Kh8 26. Nc4 Nd5 27. Bc1 Bf6 28.
Bb2 Bd7 29. Nd6 b6 30. Ne4 Be7 31. Rc1 b5 32. Rcd1 Bc8 33. a4 bxa4 34. Qxa4 Qb7
35. Nc2 f5 36. Ng3 Bxc5 37. Nh5 Rd7 38. Nxg7 Rxg7 39. Bxg7+ Qxg7 40. bxc5 Nc3
41. Qa3 Nxd1 42. Rxd1 Rg8 43. Qa5 Bb7 44. Rd8 Rxd8 45. Qxd8+ Qf8 46. Qb6 Qc8
47. Nd4 Bd5 48. c6 Ne7 49. c7 Kg7 50. Bxa6 Qd7 51. Qc5 e5 52. Qxe7+ Qxe7 53.
Nxf5+ 1-0

[Event "2BLO 1920 MSA Zugzwang - SV Deggendorf"]
[Site "?"]
[Date "2019.12.07"]
[Round "5.8"]
[White "Lammers, Markus"]
[Black "Bielmeier, Ludwig"]
[Result "1-0"]
[WhiteElo "2320"]
[BlackElo "2050"]
[PlyCount "49"]
[EventDate "2019.??.??"]

1. Nf3 Nf6 2. c4 d6 3. d4 Nbd7 4. Nc3 c6 5. g3 e5 6. e4 Be7 7. Bg2 O-O 8. O-O
a6 9. a4 a5 10. h3 Re8 11. Re1 exd4 12. Nxd4 g6 13. f4 Bf8 14. Be3 Nc5 15. Qc2
Nfd7 16. Rad1 Qc7 17. Kh1 Na6 18. Nb3 Nab8 19. Qf2 b6 20. e5 Bb7 21. Ne4 dxe5
22. fxe5 Bg7 23. Nd6 Rf8 24. Bf4 Na6 25. Nd4 1-0

[Event "2BLO 1920 FC Bayern München II - SK Pas"]
[Site "?"]
[Date "2019.12.07"]
[Round "5.1"]
[White "Diermair, Andreas"]
[Black "Bezold, Michael"]
[Result "1-0"]
[WhiteElo "2475"]
[BlackElo "2484"]
[PlyCount "59"]
[EventDate "2019.??.??"]

1. d4 g6 2. e4 d6 3. c4 Bg7 4. Nc3 Nf6 5. f3 O-O 6. Be3 b6 7. Nge2 c5 8. Qd2
Nc6 9. d5 Ne5 10. Ng3 h5 11. Be2 h4 12. Nf1 Nh7 13. Bh6 Bxh6 14. Qxh6 g5 15. g3
f5 16. f4 Rf6 17. Qh5 Nf7 18. Ne3 Qf8 19. exf5 gxf4 20. gxf4 Qh6 21. Rg1+ Kh8
22. Ne4 Qxh5 23. Bxh5 Rxf5 24. Nxf5 Bxf5 25. Bxf7 Bxe4 26. Kd2 Rf8 27. Be6 Nf6
28. Rae1 Kh7 29. Re3 Bg6 30. f5 1-0

[Event "2BLO 1920 FC Bayern München II - SK Pas"]
[Site "?"]
[Date "2019.12.07"]
[Round "5.3"]
[White "Leisch, Lukas"]
[Black "Grafl, Florian"]
[Result "0-1"]
[WhiteElo "2353"]
[BlackElo "2345"]
[PlyCount "100"]
[EventDate "2019.??.??"]

1. c4 f5 2. d4 Nf6 3. Nc3 e6 4. Nf3 Bb4 5. g3 b6 6. Bg2 Bb7 7. O-O Bxc3 8. bxc3
Qe7 9. a4 a5 10. Ba3 d6 11. c5 bxc5 12. dxc5 dxc5 13. Qb3 Bd5 14. c4 Be4 15.
Ne5 Bxg2 16. Kxg2 O-O 17. Rfd1 Na6 18. Qb5 f4 19. Nd7 fxg3 20. hxg3 Nxd7 21.
Rxd7 Qf6 22. Rf1 e5 23. Bxc5 Rfe8 24. Be3 c6 25. Qxa5 Qe6 26. Rb7 c5 27. Qb6
Qxc4 28. Qb3 Qxb3 29. Rxb3 Re7 30. Rc1 Rc7 31. Rc4 Kf7 32. Kf3 Ke6 33. Ke4 Rc6
34. Rb7 Nc7 35. Bd2 Ne8 36. Kd3 Rd8+ 37. Kc3 Nd6 38. Rxg7 Nxc4 39. Bg5 Rd4 40.
e3 Rg4 41. f3 Rxg5 42. Rxg5 Nxe3 43. Rg7 Ra6 44. Kb3 Rb6+ 45. Kc3 Rb4 46. a5
Ra4 47. Rxh7 Rxa5 48. Kd3 Ra3+ 49. Ke4 Nd5 50. Rh1 Re3# 0-1

[Event "2BLO 1920 FC Bayern München II - SK Pas"]
[Site "?"]
[Date "2019.12.07"]
[Round "5.4"]
[White "Schenk, Andreas"]
[Black "Wisnet, Dominic"]
[Result "1/2-1/2"]
[WhiteElo "2432"]
[BlackElo "2299"]
[PlyCount "81"]
[EventDate "2019.??.??"]

1. d4 Nf6 2. c4 e6 3. Nf3 c5 4. d5 exd5 5. cxd5 d6 6. Nc3 g6 7. h3 Bg7 8. e4
O-O 9. Bd3 Re8 10. O-O a6 11. a4 Nbd7 12. Re1 Qc7 13. Bc4 Rb8 14. Bf4 Nh5 15.
Bh2 Ne5 16. Be2 Nf6 17. Bxe5 dxe5 18. Nd2 Rd8 19. a5 Ne8 20. Nc4 Nd6 21. Nb6 f5
22. Qd2 Rf8 23. Rac1 Bd7 24. Bd3 c4 25. Nd1 fxe4 26. Bf1 Qd8 27. Nxc4 e3 28.
Ncxe3 Rf4 29. Nc4 Rd4 30. Qb4 Nxc4 31. Rxc4 Rxd5 32. Nc3 Rd4 33. Rxd4 exd4 34.
Nd5 Kh8 35. Bc4 Bb5 36. Bxb5 Qxd5 37. Bd3 Bf8 38. Qb6 Qd6 39. Rc1 Qe5 40. g3
Bd6 41. Rc2 1/2-1/2

[Event "2BLO 1920 FC Bayern München II - SK Pas"]
[Site "?"]
[Date "2019.12.07"]
[Round "5.5"]
[White "Weiss, Christian"]
[Black "Graf, Felix"]
[Result "1/2-1/2"]
[WhiteElo "2373"]
[BlackElo "2468"]
[PlyCount "91"]
[EventDate "2019.??.??"]

1. Nf3 Nf6 2. c4 b6 3. g3 Bb7 4. Bg2 g6 5. O-O Bg7 6. Nc3 Ne4 7. Nxe4 Bxe4 8.
d3 Bb7 9. Qc2 O-O 10. d4 d6 11. Rd1 Qc8 12. b3 Nd7 13. Bb2 Nf6 14. Rac1 Be4 15.
Qd2 c5 16. d5 Rb8 17. Bxf6 Bxf6 18. Ne1 Bf5 19. e4 Bg4 20. Bf3 Bd7 21. Be2 Be5
22. Nc2 Bb2 23. Rb1 Bg7 24. Bd3 a6 25. f4 b5 26. Re1 bxc4 27. Bxc4 Bb5 28. Qd3
Qc7 29. Re2 Qa5 30. Ne3 Bd4 31. Rc1 Bxe3+ 32. Qxe3 Bxc4 33. bxc4 f6 34. e5 fxe5
35. fxe5 Rf7 36. Rf1 Rxf1+ 37. Kxf1 Rf8+ 38. Kg2 Qc7 39. exd6 exd6 40. Qe6+ Kg7
41. Qe7+ Qxe7 42. Rxe7+ Rf7 43. Re6 Rf6 44. Re7+ Rf7 45. Re6 Rf6 46. Re7+
1/2-1/2

[Event "2BLO 1920 FC Bayern München II - SK Pas"]
[Site "?"]
[Date "2019.12.07"]
[Round "5.6"]
[White "Zajogin, Alexander"]
[Black "Testor, Sebastian"]
[Result "1/2-1/2"]
[WhiteElo "2415"]
[BlackElo "2334"]
[PlyCount "41"]
[EventDate "2019.??.??"]

1. d4 e6 2. c4 Nf6 3. Nc3 Bb4 4. e3 O-O 5. Bd3 d5 6. a3 Be7 7. cxd5 exd5 8.
Nge2 Na6 9. b4 c6 10. b5 Nc7 11. a4 Ne6 12. O-O Re8 13. a5 c5 14. dxc5 Bxc5 15.
Bb2 d4 16. exd4 Nxd4 17. Na4 Bg4 18. Nxc5 Nxe2+ 19. Bxe2 Bxe2 20. Qxd8 Raxd8
21. Bxf6 1/2-1/2

[Event "2BLO 1920 FC Bayern München II - SK Pas"]
[Site "?"]
[Date "2019.12.07"]
[Round "5.7"]
[White "Pflug, Matthias"]
[Black "Rodewis, Thomas"]
[Result "0-1"]
[WhiteElo "2280"]
[BlackElo "2357"]
[PlyCount "68"]
[EventDate "2019.??.??"]

1. e4 c5 2. Nf3 e6 3. d4 cxd4 4. Nxd4 a6 5. Nc3 b5 6. Bd3 Nc6 7. Nxc6 dxc6 8.
f4 e5 9. fxe5 Nh6 10. Qf3 Ng4 11. Bf4 Bc5 12. h3 Nf2 13. Rf1 Nxd3+ 14. cxd3 Be6
15. Ne2 Qb6 16. Bg5 h6 17. Bd2 O-O-O 18. b4 Bd4 19. Rc1 Kb7 20. Rc2 Rd7 21. Qg3
g5 22. Nc1 Qc7 23. Bc3 Rhd8 24. Rf6 a5 25. Bxd4 Rxd4 26. Rxe6 fxe6 27. Nb3 axb4
28. Nc5+ Ka8 29. Nxe6 Qa5 30. Ke2 Rxd3 31. Qxd3 Rxd3 32. Kxd3 Qa3+ 33. Kd4 b3
34. axb3 Qb4+ 0-1

[Event "2BLO 1920 FC Bayern München II - SK Pas"]
[Site "?"]
[Date "2019.12.07"]
[Round "5.8"]
[White "Unzicker, Ferdinand"]
[Black "Hellmayr, Alois"]
[Result "1-0"]
[WhiteElo "2321"]
[BlackElo "2241"]
[PlyCount "89"]
[EventDate "2019.??.??"]

1. c4 e6 2. Nc3 d5 3. d4 a6 4. cxd5 exd5 5. Bf4 Nf6 6. e3 Bd6 7. Bxd6 Qxd6 8.
Bd3 O-O 9. Nge2 Be6 10. Qd2 c5 11. dxc5 Qxc5 12. Nd4 Nc6 13. Nce2 Ne5 14. O-O
Rfe8 15. Rfd1 Rad8 16. Ng3 g6 17. Rac1 Qe7 18. f3 Rc8 19. Bb1 Nc4 20. Qf2 Ne5
21. Re1 Qd7 22. Nge2 Nc6 23. Qh4 Kg7 24. Nxc6 Rxc6 25. Bd3 Rxc1 26. Rxc1 Qe7
27. Qd4 Rc8 28. Rxc8 Bxc8 29. Nf4 Kg8 30. Kf2 Qd6 31. h4 h6 32. Bc2 g5 33. Ne2
Ne8 34. Nc3 Be6 35. hxg5 hxg5 36. Bb3 Nc7 37. Ne4 Qe7 38. Nf6+ Kf8 39. Qe5 Qb4
40. Qxc7 Qd2+ 41. Kf1 Qd3+ 42. Kg1 Qxe3+ 43. Kh2 Qd4 44. Qd8+ Kg7 45. Qg8+ 1-0

[Event "2BLO 1920 Nickelhütte Aue - SF Bad Mer"]
[Site "?"]
[Date "2019.12.07"]
[Round "5.1"]
[White "Karpatchev, Aleksandr"]
[Black "Erdos, Viktor"]
[Result "0-1"]
[WhiteElo "2422"]
[BlackElo "2609"]
[PlyCount "82"]
[EventDate "2019.??.??"]

1. e4 c5 2. Nf3 d6 3. Bb5+ Nd7 4. O-O a6 5. Bd3 Ngf6 6. c3 e6 7. Bc2 b5 8. d4
Bb7 9. Re1 Be7 10. Nbd2 Qc7 11. Nf1 O-O 12. Ng3 Rfe8 13. a4 Rac8 14. Bd3 c4 15.
Bb1 Bf8 16. h3 e5 17. Bd2 g6 18. Qc1 d5 19. Nxe5 Nxe5 20. dxe5 Nd7 21. Bh6 Bxh6
22. Qxh6 Qxe5 23. f4 Qg7 24. Qxg7+ Kxg7 25. axb5 axb5 26. Ra7 Nc5 27. e5 Ra8
28. Rxa8 Rxa8 29. f5 Re8 30. Bc2 Nd7 31. e6 fxe6 32. fxe6 Nc5 33. e7 Kf6 34.
Ne2 Ne6 35. Kf2 Rxe7 36. Nd4 Nxd4 37. Rxe7 Kxe7 38. cxd4 b4 39. Ke3 Kf6 40. Ba4
Bc8 41. h4 b3 {(Weiß gibt auf)} 0-1

[Event "2BLO 1920 Nickelhütte Aue - SF Bad Mer"]
[Site "?"]
[Date "2019.12.07"]
[Round "5.2"]
[White "Antal, Gergely"]
[Black "Ikonnikov, Vyacheslav"]
[Result "*"]
[WhiteElo "2563"]
[BlackElo "2501"]
[PlyCount "139"]
[EventDate "2019.??.??"]

1. e4 c5 2. Nf3 Nc6 3. Bb5 e6 4. O-O Nge7 5. d4 cxd4 6. Nxd4 Qb6 7. Nxc6 bxc6
8. Be2 Ng6 9. c4 Be7 10. Nc3 O-O 11. Na4 Qc7 12. c5 Bb7 13. Be3 f5 14. exf5
exf5 15. Bd4 Kh8 16. g3 Rad8 17. Qd2 d5 18. Rfe1 Bf6 19. Bxf6 Rxf6 20. Bh5 f4
21. Bxg6 hxg6 22. Nc3 Qd7 23. Qd3 f3 24. Re5 Qc8 25. b4 Ba6 26. b5 Bxb5 27.
Nxb5 cxb5 28. Qxb5 a6 29. Qf1 Qxc5 30. Rd1 Qb5 31. Qxb5 axb5 32. Rdxd5 Rxd5 33.
Rxd5 Rc6 34. Rd1 Rc2 35. Rb1 b4 36. h3 Kg8 37. g4 g5 38. Rxb4 Rxa2 39. Rb1 Kf7
40. Rb3 Kg6 41. Rxf3 Rb2 42. Kg2 Ra2 43. Rd3 Rb2 44. Kf3 Rb1 45. Kg2 Rb2 46.
Kg3 Rb1 47. Rd2 Ra1 48. f3 Rg1+ 49. Kf2 Rb1 50. Kg2 Ra1 51. Rf2 Kf6 52. Rf1
Ra2+ 53. Kg3 Rb2 54. Ra1 Rc2 55. Ra8 Kf7 56. h4 gxh4+ 57. Kxh4 Rc5 58. f4 g5+
59. fxg5 Rc1 60. g6+ Kg7 61. Kh5 Rc5+ 62. g5 Rc1 63. Ra7+ Kg8 64. g7 Rc6 65.
Re7 Ra6 66. Kg4 Ra5 67. Kf4 Rb5 68. Re5 Rb7 69. Kf5 Kxg7 70. Re6 {(=)} *

[Event "2BLO 1920 Nickelhütte Aue - SF Bad Mer"]
[Site "?"]
[Date "2019.12.07"]
[Round "5.3"]
[White "Kazakouski, Valery"]
[Black "Gonda, Laszlo"]
[Result "1/2-1/2"]
[WhiteElo "2485"]
[BlackElo "2515"]
[PlyCount "105"]
[EventDate "2019.??.??"]

1. d4 Nf6 2. Nf3 e6 3. c4 d5 4. g3 Bb4+ 5. Bd2 Be7 6. Bg2 O-O 7. O-O Nbd7 8. a4
a5 9. Qc2 Ne4 10. Bf4 c6 11. Ne5 f5 12. Nd2 Nxe5 13. Bxe5 Nd6 14. Bxd6 Bxd6 15.
e3 b6 16. Rfc1 Ba6 17. Bf1 Bb7 18. Qb3 Rb8 19. Rc2 Kh8 20. Rac1 g5 21. Bg2 Ba8
22. Nf3 dxc4 23. Qxc4 Qf6 24. Nd2 c5 25. Bxa8 Rxa8 26. dxc5 bxc5 27. Qc3 Qxc3
28. bxc3 Rab8 29. Nc4 Bc7 30. Kf1 Rfd8 31. Ke2 Kg7 32. Rd2 Rxd2+ 33. Kxd2 Kf6
34. h3 h5 35. Ke2 Rb3 36. Kd3 Rb8 37. Rg1 Ke7 38. e4 Kf6 39. exf5 exf5 40. Ne3
Ke6 41. Re1 f4 42. gxf4 gxf4 43. Nc4+ Kf6 44. Rg1 Rd8+ 45. Ke4 Re8+ 46. Kd3
Rd8+ 47. Kc2 Re8 48. Rd1 Re2+ 49. Rd2 Rxd2+ 50. Nxd2 c4 51. Ne4+ Ke5 52. f3 Bd6
53. Nd2 {(=)} 1/2-1/2

[Event "2BLO 1920 Nickelhütte Aue - SF Bad Mer"]
[Site "?"]
[Date "2019.12.07"]
[Round "5.4"]
[White "Meijers, Viesturs"]
[Black "Rakotomaharo, Fy Antenaina"]
[Result "1-0"]
[WhiteElo "2429"]
[BlackElo "2438"]
[PlyCount "109"]
[EventDate "2019.??.??"]

1. Nf3 d6 2. d4 g6 3. g3 Bg7 4. Bg2 f5 5. O-O Nf6 6. b4 O-O 7. Bb2 e6 8. c4 Ne4
9. Nbd2 c5 10. Nxe4 fxe4 11. Nd2 cxb4 12. Nxe4 Nc6 13. e3 Na5 14. Rc1 d5 15.
Nd2 b6 16. cxd5 exd5 17. Nb3 Nb7 18. a3 bxa3 19. Bxa3 Rf7 20. Qe2 Be6 21. Qb5
Qd7 22. Qc6 Bf8 23. Bxf8 Raxf8 24. Rc2 Nd8 25. Qxd7 Rxd7 26. Ra1 Bf5 27. Rc3
Nf7 28. Nd2 Rb8 29. f4 Kf8 30. Ra6 Ke7 31. Kf2 Kd8 32. h3 h5 33. Nf3 Rc8 34.
Rxc8+ Kxc8 35. Ne5 Nxe5 36. fxe5 Kb7 37. Ra1 a5 38. e4 dxe4 39. Ke3 Ka6 40.
Bxe4 Bxh3 41. d5 b5 42. d6 Kb6 43. Kd4 Be6 44. Bd5 Bg4 45. Rf1 a4 46. Rf8 h4
47. Rb8+ Ka7 48. Rxb5 hxg3 49. Kc5 Ka6 50. Rb6+ Ka7 51. Rb4 Bd1 52. e6 Rd8 53.
d7 a3 54. e7 g2 55. Bxg2 {(Schwarz gibt auf)} 1-0

[Event "2BLO 1920 Nickelhütte Aue - SF Bad Mer"]
[Site "?"]
[Date "2019.12.07"]
[Round "5.5"]
[White "Gasthofer, Alexander"]
[Black "Slobodjan, Roman"]
[Result "1/2-1/2"]
[WhiteElo "2419"]
[BlackElo "2450"]
[PlyCount "25"]
[EventDate "2019.??.??"]

1. Nf3 d5 2. g3 g6 3. Bg2 Bg7 4. d4 c6 5. O-O Nf6 6. Nbd2 O-O 7. c3 Bf5 8. Nh4
Be6 9. Re1 Nbd7 10. Nhf3 Bf5 11. Nh4 Be6 12. Nhf3 Bf5 13. Nh4 1/2-1/2

[Event "2BLO 1920 Nickelhütte Aue - SF Bad Mer"]
[Site "?"]
[Date "2019.12.07"]
[Round "5.6"]
[White "Londyn, Radek"]
[Black "Ivanov, Mikhail M"]
[Result "1-0"]
[WhiteElo "2412"]
[BlackElo "2338"]
[PlyCount "117"]
[EventDate "2019.??.??"]

1. Nf3 Nf6 2. d4 g6 3. Bg5 Bg7 4. c3 h6 5. Bh4 d6 6. Nbd2 O-O 7. e4 Nc6 8. Bc4
e5 9. dxe5 Nxe5 10. Nxe5 dxe5 11. O-O Qe8 12. a4 a5 13. Re1 Nh5 14. Nf1 Nf4 15.
Ne3 c6 16. Qb3 g5 17. Bg3 Qe7 18. Rad1 Be6 19. Bxe6 Nxe6 20. Nf5 Qc7 21. h4
Rfd8 22. Qc4 Bf8 23. Qe2 f6 24. Qh5 Qh7 25. Rxd8 Rxd8 26. Rd1 Rxd1+ 27. Qxd1
Qf7 28. f3 Kh7 29. Bf2 gxh4 30. Bxh4 Bc5+ 31. Bf2 Bxf2+ 32. Kxf2 Ng7 33. Qd8
Nxf5 34. exf5 h5 35. Qxa5 Qd7 36. Qb4 c5 37. Qe4 Qd2+ 38. Qe2 Qf4 39. a5 h4 40.
Qe4 Qg3+ 41. Kf1 h3 42. gxh3 Qxh3+ 43. Ke1 Qh1+ 44. Kd2 Qg2+ 45. Kc1 Qf1+ 46.
Kc2 Qb5 47. Qg4 Qe2+ 48. Kb1 Qd1+ 49. Ka2 Qd8 50. Kb3 Qd1+ 51. Kc4 Qd6 52. Qg6+
Kh8 53. Qe8+ Kg7 54. Qb5 Qc7 55. Qxc5 Qd7 56. b4 Qxf5 57. Qe7+ Kh6 58. Qxb7 Qc2
59. Qe4 {(Schwarz gibt auf)} 1-0